00271nam a2200121Ia 45000030006000000080041000060400015000471000025000622450024000872600009001115460012001200050017001320STCL150530s9999 xx 000 0 und d aSTCLcSTCL aScott Fitzgerald, F. aTender is the night c1951 aEnglish20220125171347.0